Kekra -Freebase, Vol. 02 - Statistiques

Statistiques générales
  • Ce quiz a été pris 4 fois
  • Le résultat moyen est 7 sur 14
Statistiques - réponses
Track Titre % Correct
4 Jim Carrey
100%
2 BLT
75%
3 PM
75%
11 Raito Yagami
75%
14 Alexander Wang
50%
5 Canne à pêche
50%
1 Casque arai
50%
12 Ensemble
50%
9 Jeunesse déglinguée
50%
8 Por Que Hombre
50%
10 Coup de cross
25%
6 Power (remix)
25%
7 That's not me (remix)
25%
13 Maraboula
0%
Aucun quiz correspondant
Distribution des résultats
% des personnes avec chaque résultat
Percentile par nombre de réponses
Votre historique - résultats
Vous n’avez pas pris ce quiz